01199nab a2200241uuc4500001000800000005001700008008004100025035001200066035002100078040001300099041000800112100003200120245013600152520031300288650002700601650003800628650003600666700002800702700002900730700004000759700003100799773012700830103789720240831092757.0070724s2003 spa  a1037897 a(OCoLC)820206174 ccomduadb aspa10aCarrasco, Claudia4auteaut14aLas tecnologías de información como apoyo al proceso de enseñanza y aprendizaje: una experiencia en pedagogía universitaria3 aSe da cuenta de una experiencia pedagógica realizada en una facultad de ingeniería, que tuvo por objeto diseñar, implementar, ejecutar y evaluar una experiencia piloto de innovación curricular que permita mejorar la metodología y evaluación de asignaturas de ámbito de la Ingeniería Portuaria aDocencia universitaria 7aInnovaciones tecnológicas2lemb 0aProceso enseñanza-aprendizaje10aMeza, Jessica4auteaut10aLoyer, Solange4auteaut10aMorales E., Juan Fernando4auteaut10aGarcia, Fernando4auteaut0 tREXE: Revista de Estudios y Experiencias en EducacióngVol. 02, No. 03, Ene. 2003, p. 135-147w972411x0717-69450381777